000 00422cam a2200169ua 4500
020 _c2.00
041 _amal
_h
082 _a894.8127
_bKRI/NI
100 _aKrishnan Kutty, Veloor.
245 _aNityakalyani production /
_cVeloor Krishnan Kutty.
_hTextual Documents
260 _aThrissur :
_bCurrent Books ,
_c1966.
300 _a136 ; .
365 _a2.00
504 _a
942 _cBK
999 _c6084
_d6084